000 00446nam a2200193Ia 4500
005 20251020182611.0
008 200515s9999 xx 000 0 und d
082 _aSC/628.6/B57
100 _aBLANES, Octavio
245 0 _aManual de instalaciones de agua y gas
250 _a2a ed.
260 _aBarcelona
260 _c1978
300 _a167
650 _aGAS
650 _aINSTALACIONES SANITARIAS
650 _aMANUALES
942 _cLIB
999 _c3329
_d3329